| 000 | 00771nam a2200205 a 4500 | ||
|---|---|---|---|
| 005 | 20240919063720.0 | ||
| 008 | 991125s1957 mx 000 0 spa u | ||
| 035 | _aUPN01000013890 | ||
| 049 | _aCG | ||
| 050 | 4 |
_aJK271 _bT8.3 |
|
| 100 | 1 | _aTunc, André | |
| 245 | 1 | 3 |
_aEl derecho de los Estados Unidos de América : _binstituciones judiciales, fuentes y técnicas / _cAndré Tunc y Suzanne Tunc ; tr. de Javier Elola. |
| 260 |
_aMéxico : _bUNAM, Dirección General de Publicaciones, _c1957. |
||
| 300 | _a674 p. | ||
| 440 | 0 |
_aPublicaciones / Instituto de Derecho Comparado. _pserie B, _v1 |
|
| 651 | 4 |
_aESTADOS UNIDOS - _xDERECHO CONSTITUCIONAL _99955 |
|
| 651 | 7 |
_aEstados Unidos _xPolítica y gobierno _2 _923751 |
|
| 700 | 1 |
_aTunc, Suzanne, _ecoaut. |
|
| 905 | _aLibro | ||
| 999 |
_c13890 _d13890 |
||